UBT Library

Investing for the financially challenged / (Record no. 40663)

000 -LEADER
fixed length control field 00674cam a2200241 a 4500
001 - CONTROL NUMBER
control field 3090853
005 - DATE AND TIME OF LATEST TRANSACTION
control field 20180122073349.0
008 - FIXED-LENGTH DATA ELEMENTS--GENERAL INFORMATION
fixed length control field 981104s1999 nyua 001 0 eng
010 ## - LIBRARY OF CONGRESS CONTROL NUMBER
LC control number 98050857
020 ## - INTERNATIONAL STANDARD BOOK NUMBER
International Standard Book Number 0446674761
035 ## - SYSTEM CONTROL NUMBER
System control number (DLC) 98050857
040 ## - CATALOGING SOURCE
Original cataloging agency DLC
Transcribing agency DLC
Modifying agency DLC
041 ## - LANGUAGE CODE
Language code of text/sound track or separate title eng
043 ## - GEOGRAPHIC AREA CODE
Geographic area code n-us---
080 ## - UNIVERSAL DECIMAL CLASSIFICATION NUMBER
Universal Decimal Classification number 332.6 WAL
082 00 - DEWEY DECIMAL CLASSIFICATION NUMBER
Classification number 332.6 WAL
Edition number 21
100 1# - Rafti
Rafti 63
101 ## - Shkurtesa
Shkurtesa ECO
245 10 - TITLE STATEMENT
Title Investing for the financially challenged /
Statement of responsibility, etc Walter Updegrave.
906 ## - LOCAL DATA ELEMENT F, LDF (RLIN)
a 7
b cbc
c orignew
d 1
e ocip
f 19
g y-gencatlg
942 ## - ADDED ENTRY ELEMENTS (KOHA)
Source of classification or shelving scheme
Item type Books
Holdings
Withdrawn status Lost status Source of classification or shelving scheme Damaged status Not for loan Collection code Permanent location Current location Shelving location Date acquired Total Checkouts Full call number Barcode Date last seen Price effective from Koha item type
          Koleksioni i përgjithshem UBT - Lipjan UBT - Lipjan Koleksioni i përgjithshem 01/22/2018   332.6 WAL 002-2996012 01/22/2018 01/22/2018 Books
UBT Library © 2015-2024. All rights reserved University Education for Business and Technology